[Event "Hong Kong Jolimark op"]
[Site "Hong Kong"]
[Date "2016.12.30"]
[Round "9"]
[White "So, Ka Wang"]
[Black "Lau, Joe Yiu Cho"]
[Result "0-1"]
[WhiteElo "1276"]
[BlackElo "1627"]
[PlyCount "70"]
[EventDate "2016.12.26"]
[EventType "swiss"]
[EventRounds "9"]
[EventCountry "HKG"]
[SourceTitle "CBM 176 Extra"]
[Source "ChessBase"]
[SourceDate "2017.03.02"]
[SourceVersion "1"]
[SourceVersionDate "2017.03.02"]
[SourceQuality "1"]

1. e4 e6 2. d4 d5 3. exd5 exd5 4. Qe2+ Be7 5. Nc3 Nf6 6. Bf4 c6 7. 0-0-0 0-0 8. f3 Re8 9. Qd3 Nbd7 10. g4 Nf8 11. h4 h6 12. g5 Nh5 13. Bd2 Ng3 14. Rh2 h5 15. f4 Nf5 16. Nf3 g6 17. Ne5 Be6 18. Ne2 Bd6 19. Ng3 a5 20. Nxf5 Bxf5 21. Qb3 Qc7 22. Rf2 a4 23. Qc3 Ra6 24. Bxa6 bxa6 25. Qxc6 Qxc6 26. Nxc6 Ne6 27. Re1 Rc8 28. Nb4 Nxd4 29. Bc3 Bxb4 30. Bxb4 Nxc2 31. Rxc2 Rxc2+ 32. Kb1 Rc4+ 33. Ka1 Rxb4 34. Rf1 d4 35. a3 Rc4 0-1

[Event "Hong Kong op"]
[Site "Hong Kong"]
[Date "2016.11.28"]
[Round "8"]
[White "So, Ka Wang"]
[Black "Bottazzi, Ulysse"]
[Result "0-1"]
[WhiteElo "1276"]
[BlackElo "1532"]
[PlyCount "74"]
[EventDate "2016.10.03"]
[EventType "swiss"]
[EventRounds "9"]
[EventCountry "HKG"]
[SourceTitle "EXT 2018"]
[Source "ChessBase"]
[SourceDate "2017.10.13"]
[SourceVersion "1"]
[SourceVersionDate "2017.10.13"]
[SourceQuality "1"]

1. e4 c5 2. Nf3 d6 3. d4 cxd4 4. Nxd4 Nf6 5. Nc3 a6 6. Be3 e5 7. Nb3 Nc6 8. Qd2 Be7 9. Be2 Be6 10. 0-0-0 0-0 11. h3 b5 12. g4 b4 13. Nd5 Nxe4 14. Nxe7+ Qxe7 15. Qd3 d5 16. h4 a5 17. Qb5 Rfc8 18. h5 d4 19. Qd3 Bxb3 20. axb3 Nc5 21. Qd2 dxe3 22. Qxe3 a4 23. bxa4 Rxa4 24. g5 Na5 25. Kd2 b3 26. c3 Ra2 27. Rb1 Na4 28. Kc1 Qb4 29. Qxe5 Nxb2 30. Rxb2 Qa3 31. c4 Nxc4 32. Bxc4 Rxc4+ 33. Kd1 Rxb2 34. Qe8+ Qf8 35. Qxf8+ Kxf8 36. Rh3 Rcc2 37. Ke1 Rb1# 0-1

[Event "Hong Kong op"]
[Site "Hong Kong"]
[Date "2016.11.14"]
[Round "6"]
[White "So, Ka Wang"]
[Black "Choy, Hong Lui Ronald"]
[Result "1/2-1/2"]
[WhiteElo "1276"]
[BlackElo "1601"]
[PlyCount "81"]
[EventDate "2016.10.03"]
[EventType "swiss"]
[EventRounds "9"]
[EventCountry "HKG"]
[SourceTitle "EXT 2018"]
[Source "ChessBase"]
[SourceDate "2017.10.13"]
[SourceVersion "1"]
[SourceVersionDate "2017.10.13"]
[SourceQuality "1"]

1. e4 c5 2. Nf3 d6 3. d4 cxd4 4. Nxd4 Nf6 5. Nc3 a6 6. Be2 e5 7. Nb3 Be7 8. Be3 Be6 9. 0-0 0-0 10. Qd2 Nbd7 11. Rad1 Rc8 12. Kh1 Nb6 13. f4 Qc7 14. f5 Bc4 15. Bxb6 Qxb6 16. Bxc4 Rxc4 17. Qe2 Rcc8 18. Nd5 Nxd5 19. Rxd5 Qc6 20. c3 b5 21. a3 Rc7 22. Qg4 f6 23. Rf3 Rf7 24. Rh3 Bf8 25. Qh5 h6 26. Qg6 Kh8 27. Rdd3 Qxe4 28. Rhe3 Qc6 29. Nd2 Qe8 30. Rh3 Be7 31. Ne4 Rd7 32. Rdg3 Qf8 33. Nf2 Bd8 34. Rh4 d5 35. Rgh3 Qg8 36. Rg3 Qf8 37. Rgh3 e4 38. Ng4 Qg8 39. Rg3 Qf8 40. Rgh3 Qg8 41. Rg3 1/2-1/2

[Event "Hong Kong-chT"]
[Site "Hong Kong"]
[Date "2016.04.25"]
[Round "5.2"]
[White "Luk, Luen Wah"]
[Black "So, Ka Wang"]
[Result "1-0"]
[WhiteElo "1998"]
[BlackElo "1312"]
[PlyCount "75"]
[EventDate "2016.03.31"]
[EventType "team-swiss"]
[EventRounds "7"]
[EventCountry "HKG"]
[SourceTitle "EXT 2017"]
[Source "ChessBase"]
[SourceDate "2016.10.25"]
[SourceVersion "1"]
[SourceVersionDate "2016.10.25"]
[SourceQuality "1"]
[WhiteTeam "Four Ex National Champions"]
[BlackTeam "WYHK"]
[WhiteTeamCountry "HKG"]
[BlackTeamCountry "HKG"]

1. e4 c5 2. Nf3 d6 3. d4 cxd4 4. Nxd4 Nf6 5. Nc3 a6 6. Be3 e5 7. Nb3 Be6 8. Qd2 Be7 9. f3 0-0 10. 0-0-0 Qd7 11. g4 Rd8 12. Nd5 Bxd5 13. exd5 e4 14. g5 Ne8 15. fxe4 Qa4 16. Bg2 Qxa2 17. Qa5 Qxa5 18. Nxa5 b5 19. h4 Nd7 20. Nc6 Bf8 21. Nxd8 Rxd8 22. Rhe1 g6 23. Bd4 Nc7 24. Bh3 b4 25. Kb1 Nb5 26. Bxd7 Rxd7 27. Bf6 a5 28. e5 dxe5 29. Rxe5 a4 30. d6 Nxd6 31. Red5 Ra7 32. Rxd6 Bxd6 33. Rxd6 Ra8 34. Rb6 a3 35. Rxb4 a2+ 36. Ka1 Kf8 37. Rd4 Ke8 38. c4 1-0

[Event "Hong Kong-ch prel"]
[Site "Hong Kong"]
[Date "2016.02.22"]
[Round "7"]
[White "So, Ka Wang"]
[Black "Tyrrell, Lachlan Baly Hughes"]
[Result "1-0"]
[WhiteElo "1268"]
[BlackElo "1298"]
[PlyCount "35"]
[EventDate "2016.01.04"]
[EventType "swiss"]
[EventRounds "11"]
[EventCountry "HKG"]
[SourceTitle "EXT 2017"]
[Source "ChessBase"]
[SourceDate "2016.10.25"]
[SourceVersion "1"]
[SourceVersionDate "2016.10.25"]
[SourceQuality "1"]

1. e4 e5 2. Nf3 Nc6 3. Bc4 Bc5 4. b3 Nf6 5. d3 Ng4 6. 0-0 d6 7. Bb2 Qf6 8. Nc3 Nd4 9. Nd5 Qh6 10. Nxc7+ Kd7 11. Bxd4 Kxc7 12. Bxc5 dxc5 13. h3 Nf6 14. Nxe5 Bxh3 15. Qf3 Be6 16. Qg3 Nh5 17. Qh2 Kb6 18. Bxe6 1-0

[Event "Hong Kong-ch op"]
[Site "Hong Kong"]
[Date "2015.09.21"]
[Round "4"]
[White "Anika, Rachna Roy"]
[Black "So, Ka Wang"]
[Result "0-1"]
[WhiteElo "1173"]
[BlackElo "1245"]
[PlyCount "60"]
[EventDate "2015.09.03"]
[EventType "swiss"]
[EventRounds "9"]
[EventCountry "HKG"]
[SourceTitle "EXT 2017"]
[Source "ChessBase"]
[SourceDate "2016.10.25"]
[SourceVersion "1"]
[SourceVersionDate "2016.10.25"]
[SourceQuality "1"]

1. d4 d5 2. c4 c6 3. Nc3 dxc4 4. e4 Nf6 5. Bxc4 e6 6. Nf3 Bb4 7. Bd3 0-0 8. 0-0 Nbd7 9. a3 Bxc3 10. bxc3 b5 11. Bf4 Re8 12. Bd6 Nb6 13. Qc2 Qxd6 14. e5 Qe7 15. exf6 Qxf6 16. Bxh7+ Kf8 17. Bd3 g6 18. Ne5 Kg7 19. Nxc6 a6 20. Be4 Bb7 21. Ne5 Bxe4 22. Qxe4 Rh8 23. h3 Rh4 24. Qf3 Rf4 25. Qb7 Qd8 26. Nc6 Qg5 27. Qxb6 Rh8 28. Kh1 Qg4 29. Ne5 Rxh3+ 30. Kg1 Qg5 0-1